Biology Concepts and applications

Bewaard in:
Bibliografische gegevens
Hoofdauteur: Cecile Starr
Formaat: Boek
Taal:Undetermined
Gepubliceerd in: Belmont, California Wadsworth 1991
Onderwerpen:
Tags: Voeg label toe
Geen labels, Wees de eerste die dit record labelt!
Thư viện lưu trữ: Trung tâm Học liệu Trường Đại học Cần Thơ
LEADER 00485nam a2200193Ia 4500
001 CTU_22344
008 210402s9999 xx 000 0 und d
082 |a 574 
082 |b S796 
100 |a Cecile Starr 
245 0 |a Biology 
245 0 |b Concepts and applications 
245 0 |c Cecile Starr 
260 |a Belmont, California 
260 |b Wadsworth 
260 |c 1991 
650 |a biology 
904 |i Minh, 980417 
980 |a Trung tâm Học liệu Trường Đại học Cần Thơ